000 00682nam a2200205Ia 4500
003 GCL
008 140319s9999 xx 000 0 ara d
040 _aGCL /
_cGCL
082 0 4 _a813.01
_bا ب
100 1 _aالسيد احمد حمزة
245 1 0 _aبدويات :
_bقصص /
_cالسيد احمد حمزة
250 _aالاولى
260 _aالقاهرة :
_bالهيئة العامة لقصور الثقافة ،
_c2000
300 _a85 ص ؛
_c20 سم
490 _aابداعات
_v101
650 0 4 _aالادب العربى
650 0 4 _aالقصص العربية القصيرة
650 0 4 _aالقصص العربية القصيرة - مصر
942 _2ddc
_cBK
999 _c3004
_d3004